| 000 | 00000nam##2200000za#4500 |
| 001 | 9.687128 |
| 003 | CaOODSP |
| 005 | 20210624230834 |
| 007 | cr ||||||||||| |
| 008 | 150407|2005||||xxc|||||o f|0| 0 eng|d |
| 020 | |a0-662-38086-X |
| 040 | |aCaOODSP|beng |
| 043 | |an-cn--- |
| 086 | 1 |aCD4-17/2004E-PDF |
| 110 | 1 |aCanada.|bCanadian International Development Agency. |
| 245 | 10|aCIDA's country development programming framework for Indonesia, 2005-2009 |h[electronic resource] |
| 260 | |aOttawa - Ontario : |bCanadian International Development Agency |c2005. |
| 300 | |a24p.|billus., tables |
| 520 | 3 |aThis report outlines CIDA’s bilateral development program and reconstruction strategy for Indonesia. It summarizes Canadian projects in Sulawesi, Aceh, and Northern Sumatra for improving local governance; developing small- and medium-sized enterprises; and restoring the natural resource base to reestablish livelihoods that were lost due to the 2004 tsunami—while integrating gender equality into all initiatives. Includes maps, photos, descriptions, and short histories of Aceh and Sulawesi. |
| 590 | |a06-22|b2006-06-02 |
| 690 | 07|aDeveloping countries|2gcpds |
| 690 | 07|aInternational development|2gcpds |
| 775 | 08|tLe cadre de programmation-pays de l'ACDI pour l'Indonésie, 2005-2009 |w(CaOODSP)9.631589 |
| 776 | 0#|tCIDA's country development programming framework for Indonesia, 2005-2009 |w(CaOODSP)9.665835 |
| 776 | 0#|tCadre de programmation-pays de l'ACDI pour l'Indonésie, 2005-2009 |w(CaOODSP)9.665836 |
| 856 | 40|ahttp://publications.gc.ca|qPDF|s1470 KB|uhttps://publications.gc.ca/collections/Collection/CD4-17-2004E.pdf |